El Movimiento social por una alternativa al neoliberalismo y a la guerra /
Guardado en:
| Autor principal: | |
|---|---|
| Formato: | Texto |
| Materias: | |
| Etiquetas: |
Agregar Etiqueta
Sin Etiquetas, Sea el primero en etiquetar este registro!
|
MARC
| LEADER | 00000 a a2200000 04500 | ||
|---|---|---|---|
| 001 | 14327 | ||
| 003 | |||
| 040 | |||
| 100 | |a Dierckxsens, Wim | ||
| 245 | |a El Movimiento social por una alternativa al neoliberalismo y a la guerra / |c Wim Dierckxsens | ||
| 650 | |a POLITICA ECONOMICA | ||
| 650 | |a NEOLIBERALISMO | ||
| 650 | |a TERRORISMO | ||
| 650 | |a EQUIDAD ECONOMICA | ||
| 773 | |g volumen 7, número 59 -60; páginas 1-21 | ||
| 999 | |c 36228 |d 36228 | ||
